[Event "VIII Iberoamericano Mexico 2022"]
[Site "Mexico City"]
[Date "2022.02.13"]
[Round "2.2"]
[White "Sandoval Mercado, Carlos"]
[Black "Mareco, Sandro"]
[Result "1/2-1/2"]
[WhiteElo "2289"]
[BlackElo "2643"]
[Annotator "TA"]
[PlyCount "71"]
[EventDate "2022.02.12"]
[EventType "swiss"]
[EventCountry "MEX"]
[SourceTitle "playchess.com"]
[Source "ChessBase"]
[SourceQuality "1"]

{[%evp 18,71,24,13,22,11,25,8,26,-12,0,0,4,0,0,0,-6,-5,-5,-5,0,-17,0,0,0,0,39,27,27,20,81,82,85,83,298,307,295,276,298,306,1030,0,306,306,305,285,297,305,295,269,367,374,456,436,560,364]} 1. d4 Nf6 2. c4 e6 3. Nf3 d5 4. g3 Be7 5. Bg2 O-O 6. O-O dxc4 7. Qa4 a6 8. Qxc4 b5 9. Qc2 Bb7 10. Bd2 h6 {E05: Open Catalan: 5 Nf3 Be7.} 11. a3 Be4 12. Qc1 c6 {[#] The position is equal.} 13. a4 $146 ({Predecessor:} 13. Rd1 Nbd7 14. Nc3 Bh7 15. Ne5 Nxe5 16. dxe5 Nd5 17. Be3 Qb8 18. Bd4 Rd8 19. f4 {½-½ (30) Winkler,T (2590)-Szczepanski,Z (2555) ICCF email 2009}) 13... Nbd7 14. Nc3 Bh7 15. axb5 axb5 16. Rxa8 Qxa8 17. Ne5 Nxe5 18. dxe5 Nd5 19. Nxd5 cxd5 20. Qc7 Bd8 21. Qd6 Bg5 22. Bb4 Rd8 23. Qc5 Qb7 (23... Rc8 $11 {keeps the balance.} 24. Qxb5 Rb8) 24. h4 $1 $16 {[%cal Bh2h4,Bh4g5][%mdl 32]} Rc8 25. Qd6 Rd8 $2 {[#]} 26. hxg5 $1 $18 {[%cal Rd6d8]} Rxd6 27. exd6 {Threatens to win with Rc1.} Bf5 28. Rc1 {To avoid Qc6. Strongly threatening Rc7.} Bh7 $2 (28... e5 29. Rc7 Qb6) 29. Rf1 $2 (29. Rc7 $18 Qb8 30. Re7) 29... Qc6 {[%mdl 8192] [#]} (29... hxg5 $2 30. Rc1 Qd7 31. Rc7 $18) (29... Bf5 $1 $11 {and Black stays safe.}) 30. Ra1 $1 {[%cal Od6d7] d7! is the strong threat.} Bf5 {[#]} 31. Ra7 $1 e5 (31... hxg5 $2 32. d7 Qb6 33. Ra8+ Kh7 34. d8=Q $18) (31... Qc1+ $2 32. Kh2 e5 33. g6 fxg6 34. d7 Bxd7 35. Bxd5+ Kh7 36. Rxd7) 32. Rc7 Qa8 33. d7 Bxd7 34. Rxd7 {[%cal Og5g6] Black must now prevent g6!} Qa1+ 35. Kh2 {[%cal Og5g6] Hoping for g6!} Qxb2 {[#]} 36. Bxd5 $1 {[%mdl 32768] Weighted Error Value: White=0.22 (precise) /Black=0.64. An unexpected result.} 1/2-1/2

[Event "VIII Iberoamericano Mexico 2022"]
[Site "Mexico City"]
[Date "2022.02.20"]
[Round "2.4"]
[White "Martin Del Campo Cardenas, Roberto Abel"]
[Black "Meier, Georg"]
[Result "0-1"]
[WhiteElo "2250"]
[BlackElo "2631"]
[Annotator "TA"]
[PlyCount "62"]
[EventDate "2022.02.12"]
[EventType "swiss"]
[EventCountry "MEX"]
[SourceTitle "playchess.com"]
[Source "ChessBase"]
[SourceQuality "1"]

{[%evp 20,62,13,16,14,-26,-20,-12,-20,-84,-72,-68,-73,-82,-79,-69,-83,-84,-72,-75,-66,-139,-141,-200,-202,-277,-270,-259,-261,-257,-268,-303,-231,-764,-432,-425,-406,-415,-418,-396,-388,-395,-368,-319,-262]} 1. e4 e6 2. d4 d5 3. Nd2 dxe4 4. Nxe4 Nd7 5. Nf3 Ngf6 6. Nxf6+ Nxf6 7. Bd3 c5 8. dxc5 Bxc5 9. Qe2 O-O 10. Bg5 h6 11. Bh4 Qa5+ {C10: French with 3 Nc3: Unusual Black 3rd moves and 3...dxe4.} 12. Qd2 Qxd2+ 13. Nxd2 Nd5 {[#] The position is equal.} 14. Bc4 $146 (14. O-O-O $11 {keeps the balance.}) ({Predecessor:} 14. O-O-O f5 15. f3 Bd7 16. Nb3 Be3+ 17. Kb1 a5 18. c4 a4 19. cxd5 axb3 20. Bc4 bxa2+ 21. Bxa2 {½-½ (28) Ramsden,J (2104)-Delahaye,M (1913) ICCF email 2016}) 14... f5 $17 15. Nb3 Bb6 16. Bxd5 exd5 {[%cal Be6d5,Bd5d4][%mdl 32]} 17. f3 Re8+ 18. Kd1 f4 $36 {[%mdl 2048] White is under strong pressure.} 19. Rf1 Bf5 {And now ...Rac8 would win.} 20. Re1 ({Better is} 20. Bf2 $1 $15) 20... Be3 {Black is more active. A strong pair of Bishops.} 21. Re2 {[#]} (21. Rxe3 $17 Rxe3 22. Nd4) 21... d4 $1 $19 {Hoping for ...d3.} 22. Nc1 Rac8 23. Nd3 Re6 {[%cal Be8e6,Be6c6,Bc6c5][%mdl 32] aiming for ...Bxd3.} 24. Be1 Rec6 {Threatens to win with ...Bxd3.} 25. Nb4 Rc5 {[#] White must now prevent ...a5.} 26. Bf2 $2 (26. Bd2) 26... a5 27. Bxe3 fxe3 ({Not} 27... dxe3 $2 28. Nd3 Rd5 29. Ke1 $19) 28. Nd3 Bxd3 29. cxd3 a4 30. f4 Rf8 31. g3 g5 {White got outplayed after the opening.  Weighted Error Value: White=0.37/Black=0.23 (precise)} 0-1

[Event "VIII Iberoamericano Mexico 2022"]
[Site "Mexico City"]
[Date "2022.02.13"]
[Round "2.5"]
[White "Tapie Amione, Pablo Adib"]
[Black "Fier, Alexandr"]
[Result "0-1"]
[WhiteElo "2241"]
[BlackElo "2583"]
[Annotator "TA"]
[PlyCount "104"]
[EventDate "2022.02.12"]
[EventType "swiss"]
[EventCountry "MEX"]
[SourceTitle "playchess.com"]
[Source "ChessBase"]
[SourceQuality "1"]

{[%evp 16,104,30,28,20,28,39,45,37,32,47,4,25,0,0,-10,14,10,14,0,0,0,0,0,0,0,0,0,0,0,0,0,0,0,0,0,0,0,0,0,0,-8,-5,-6,8,0,0,0,0,0,0,0,0,0,0,-8,-8,-8,-8,-8,-12,-19,-18,-12,-12,-12,-12,-12,0,-8,-8,-58,-58,-58,-56,-192,-170,-420,-408,-400,-411,-402,-399,-542,-541,-483,-477,-607,-604,-513,-543]} 1. e4 c5 2. Nf3 d6 3. d4 cxd4 4. Nxd4 Nf6 5. Nc3 Nc6 6. Bg5 e6 7. Qd3 Bd7 8. O-O-O a6 9. f4 Be7 {B62: Sicilian: Richter-Rauzer: 6...e6: Unusual White 7th moves.} 10. Nf3 Qa5 11. Bxf6 {[#]} ({Much weaker is} 11. e5 Nb4 12. Qd4 dxe5 13. Nxe5 (13. fxe5 Bc5 $15) 13... Rd8 $11) 11... Nb4 $146 {White is slightly better.} ({Predecessor:} 11... gxf6 12. Kb1 h5 13. Nd2 b5 14. Qe3 h4 15. Rg1 Qc7 16. Bd3 Qa7 17. Qf3 b4 {½-½ (37) Cruz Ramirez,E (2090)-Mueller,H (2070) ICCF email 2019}) 12. Qe3 gxf6 13. Bc4 (13. Kb1 $14) 13... Qc5 $1 $11 14. Qd4 {[%cal Of4f5]} b5 15. Bb3 {[%cal Of4f5]} a5 16. a4 bxa4 17. Qxc5 dxc5 18. Bxa4 Na2+ $1 19. Kd2 O-O-O {[#] aiming for ...Bxa4+.} 20. Ke3 Nxc3 21. Bxd7+ Rxd7 {Really sharp!} 22. Rxd7 Kxd7 23. bxc3 {[%mdl 4096] Endgame KRB-KRN} a4 24. Ra1 Ra8 25. Kd3 Kc6 26. Kc4 Bd6 27. g3 h5 {[%cal Bh7h5,Bh5h4][%mdl 32]} 28. Ne1 h4 29. Nd3 f5 30. e5 Be7 31. Ra3 h3 32. Nf2 Kb6 33. Nxh3 Rh8 34. Nf2 Rxh2 35. Nd3 Rxc2 36. Rxa4 Re2 37. Kb3 Re3 {[%csl LRd3,LRg3]} 38. Nb2 {[#] Hoping for Nc4+.} Rxg3 39. Nc4+ Kb7 40. Na5+ $1 Kc7 41. Nc4 Kb8 42. Na5 {Strongly threatening Nc6+.} Bh4 {next ...Rf3 is good for Black.} 43. Kc4 ({White should play} 43. Nc4 $11) 43... Kc7 $1 $15 44. Nb3 Rf3 45. Kb5 {Loses the game.} (45. Ra8 $15) 45... Rxc3 $19 46. Na5 (46. Nxc5 {was called for.} Bf2 47. Na6+ Kb7 48. Ra1) 46... Bf2 47. Ra2 Be3 48. Rh2 Rc1 ({Wrong is} 48... Bxf4 $2 49. Rh7 Bxe5 50. Nc4 $19) 49. Rh7 Rb1+ {Black is clearly winning.} 50. Kc4 Kb6 51. Nb3 Bxf4 52. Rxf7 Re1 {Weighted Error Value: White=0.23 (precise) /Black=0.02 (flawless)} 0-1

[Event "VIII Iberoamericano Mexico 2022"]
[Site "Mexico City"]
[Date "2022.02.13"]
[Round "2.6"]
[White "Alonso Rosell, Alvar"]
[Black "Flores Guerrero, Jesus Aldair"]
[Result "1-0"]
[WhiteElo "2570"]
[BlackElo "2251"]
[Annotator "TA"]
[PlyCount "63"]
[EventDate "2022.02.12"]
[EventType "swiss"]
[EventCountry "MEX"]
[SourceTitle "playchess.com"]
[Source "ChessBase"]
[SourceQuality "1"]

{[%evp 9,63,25,43,40,38,37,37,36,60,59,70,67,57,54,67,60,85,77,64,57,93,62,72,60,80,30,47,41,149,152,132,93,79,80,97,112,102,89,96,94,497,498,933,954,1089,1031,1951,1759,29986,29987,29987,29988,29988,29989,29989,29990]} 1. d4 f5 2. Nc3 Nf6 3. Bg5 d5 4. Bxf6 exf6 5. e3 Bb4 6. Bd3 {A80: Dutch Defence: Unusual White second moves.} g6 7. Qf3 Be6 8. Nge2 {White is slightly better.} c6 9. h3 Qe7 10. g4 fxg4 11. hxg4 {[%cal Od3g6] Strongly threatening Bxg6+!} Rf8 {[#]} 12. a3 $146 ({Predecessor:} 12. O-O-O Nd7 13. e4 dxe4 14. Bxe4 f5 15. Bxc6 fxg4 16. Bxd7+ Qxd7 17. Qe4 Bxc3 18. Nxc3 {1-0 (58) Pankov,G (2341)-Kobzar,A (2092) St Petersburg 2006}) 12... Bd6 13. e4 dxe4 14. Nxe4 Bg8 15. O-O-O {Rhe1 is the strong threat.} Nd7 16. Nxd6+ Qxd6 17. c4 (17. Qe4+ $16 Kd8 18. Qf4 Qxf4+ 19. Nxf4) 17... O-O-O $11 18. c5 Qe6 (18... Qc7 $14) 19. Nc3 $16 {[%cal Be2c3,Bc3e4,Be4d6,Bd6b7][%mdl 32] Hoping for Qf4.} Kb8 20. Qg3+ Ka8 21. Rhe1 $1 $36 {[%mdl 2048] White has strong initiative.} Qf7 22. Ne4 $1 f5 23. Nd6 {[%csl LRf5,LRf7]} Qf6 24. gxf5 Qxd4 $2 {[%mdl 8192] [#] This costs Black the game.} (24... gxf5 $16 25. Bc2 (25. Bxf5 Nb6 $14) (25. Nxf5 Be6 $14) 25... Nb6) 25. Nxb7 $1 $18 Rb8 {[#]} (25... Kxb7 $2 {[#]} 26. Ba6+ $1 {[%mdl 512]} Kxa6 27. Rxd4) (25... Rc8 $142 26. Re7 Nb8) 26. Bb5 $1 {[%mdl 512]} Qf6 {[#]} (26... Nxc5 27. Rxd4) 27. Rd6 $1 {Active counter play!} Qxf5 (27... cxb5 28. Rxf6) 28. Bxc6 {White wants to mate with Nd8+.} Rxb7 29. Bxb7+ {White mates.} Kxb7 30. c6+ Ka8 31. cxd7 Qc5+ 32. Kb1 {Weighted Error Value: White=0.06 (flawless) /Black=0.65} 1-0

[Event "VIII Iberoamericano Mexico 2022"]
[Site "Mexico City"]
[Date "2022.02.13"]
[Round "2.7"]
[White "Chinchilla Miranda, Eugenio"]
[Black "Albornoz Cabrera, Carlos Daniel"]
[Result "0-1"]
[WhiteElo "2193"]
[BlackElo "2567"]
[Annotator "TA"]
[PlyCount "46"]
[EventDate "2022.02.12"]
[EventType "swiss"]
[EventCountry "MEX"]
[SourceTitle "playchess.com"]
[Source "ChessBase"]
[SourceQuality "1"]

{[%evp 13,46,-21,-8,-44,-28,-24,-27,-104,-106,-108,-109,-118,-123,-115,-116,-262,-276,-271,-255,-280,-266,-271,-239,-255,-230,-284,-284,-282,-282,-262,-257,-298,-272,-504,-481]} 1. d4 Nf6 2. c4 e6 3. Nc3 Bb4 4. a3 Bxc3+ 5. bxc3 c5 6. e3 Nc6 7. Bd3 O-O $1 {7...0-0 scores better than 7...d6.} 8. e4 {E29: Nimzo-Indian: Sämisch: 5...0-0 6 e3 c5 7 Bd3 Nc6.} cxd4 9. cxd4 d5 $5 {[%mdl 4] Leaves trodden paths.} (9... Nxd4 10. e5 Ne8 11. Bxh7+ $1 Kxh7 12. Qxd4 $11) 10. e5 {[#]} (10. cxd5 $11 exd5 11. e5) 10... dxc4 $1 $17 11. Bxc4 {[#]} Qxd4 $146 ({Predecessor:} 11... Ne4 12. Be3 Qa5+ 13. Kf1 Rd8 14. Nf3 h6 15. Qd3 Qc3 16. Rc1 Qxd3+ 17. Bxd3 Ng5 18. Nxg5 hxg5 {½-½ (51) Gonda,L (2465)-Banusz,T (2460) Balatonlelle 2006}) 12. Qxd4 Nxd4 13. Rb1 Ng4 14. Bf4 (14. f4 $17) 14... Nc2+ $19 {Pair of Knights!} 15. Ke2 Nxa3 16. Rc1 Nxc4 17. Rxc4 Bd7 {Hoping for ...Bb5.} 18. Kf3 h5 {White must now prevent ...Bc6+.} 19. h3 Nh6 20. Bxh6 gxh6 21. Ne2 Bb5 22. Rc7 Rac8 23. Re7 $2 (23. Rxc8 Rxc8 24. Rb1 Bc6+ 25. Ke3) 23... Rfd8 {White got outplayed after the opening.  Weighted Error Value: White=0.47/Black=0.03 (flawless)} 0-1

[Event "VIII Iberoamericano Mexico 2022"]
[Site "Mexico City"]
[Date "2022.02.13"]
[Round "2.8"]
[White "Cuenca Jimenez, Jose Fernando"]
[Black "Blanco Fernandez, Alvaro"]
[Result "1-0"]
[WhiteElo "2552"]
[BlackElo "2216"]
[Annotator "TA"]
[PlyCount "86"]
[EventDate "2022.02.12"]
[EventType "swiss"]
[EventCountry "MEX"]
[SourceTitle "playchess.com"]
[Source "ChessBase"]
[SourceQuality "1"]

{[%evp 9,86,18,38,36,42,47,54,38,43,23,59,67,45,47,75,41,73,41,68,0,12,-1,17,-8,118,-72,-56,-90,-24,-34,-25,-22,-14,0,382,383,361,0,0,0,52,29,68,32,47,47,64,59,79,40,51,36,41,43,38,57,31,39,75,68,78,70,70,36,32,54,60,65,57,33,166,166,166,169,800,88,6049,185,4918]} 1. d4 Nf6 2. c4 e6 3. Nf3 Bb4+ 4. Bd2 a5 5. a3 Be7 6. Nc3 {E11: Bogo-Indian.} d5 {Inhibits e4.} 7. Bf4 O-O 8. e3 {White is slightly better.} b6 9. Bd3 Bb7 10. cxd5 exd5 {[#]} 11. O-O $146 ({Predecessor:} 11. Qc2 Nbd7 12. h4 c5 13. O-O Bc6 14. Ne5 Nxe5 15. dxe5 Ne4 16. Nxe4 dxe4 17. Bxe4 Bxe4 18. Qxe4 Qc8 19. Bg5 {1-0 (19) Yloenen,O (2451)-Cook,D (2269) ICCF email 2017}) 11... c5 12. Ne5 Na6 {[%cal Bb8a6,Ba6c7,Bc7e6,Be6f4][%mdl 32]} 13. Qf3 Nc7 14. Qh3 ({White should try} 14. Bc2 $14) 14... Ne6 $11 15. Ne2 Nxf4 16. Nxf4 {[%cal Of4e6]} (16. exf4 $5 {[%cal Re5d7]} Bc8 17. Qf3 $11) 16... Bd6 {[#]} (16... g6 $11 {remains equal.}) 17. Rfd1 $2 {White is much more active.} (17. Ne6 $1 $16 {[%cal Re6d8][%mdl 512] stays on course.} Bc8 18. Nxd8 Bxh3 19. Ndxf7 (19. gxh3 Rfxd8 20. Bb5 c4 $11) 19... Bxe5 20. Nxe5) 17... Re8 $17 18. Nf3 Bxf4 ({Black should play} 18... c4 $17 19. Bc2 b5) 19. exf4 $11 Bc8 20. Qh4 c4 21. Bc2 Re2 $2 {[%mdl 8192] [#]} (21... b5 $11 {and Black has nothing to worry.}) 22. Bxh7+ $1 $18 {[%mdl 512]} Kf8 {[#]} 23. Rd2 ({White has to play} 23. Re1 $1 $18 {[%cal Re1e2]} Rxb2 24. Ne5) 23... Rxd2 $11 24. Nxd2 {[%cal Bf3d2,Bd2f1,Bf1e3][%mdl 32]} Be6 (24... Qe7 $11) 25. Bc2 {Black must now prevent Qh8+.} (25. Nf3 {with more complications.} Ne4 26. Ng5 Nxg5 27. fxg5 g6 28. Re1) 25... Ne4 26. Qxd8+ (26. Qh5 {is interesting.} Nxd2 27. f5 Bd7 28. Qh8+ Ke7 29. Qxg7 Ne4 30. Re1) 26... Rxd8 27. Nf1 b5 28. Ne3 f5 29. f3 Nd6 30. Kf2 g6 31. h4 Kf7 32. g4 Rh8 33. Kg3 Kf6 34. Re1 b4 35. axb4 axb4 36. Ra1 {Hoping for Ra7.} Nb5 {Inhibits Ra7.} 37. Ra6 $1 {[%csl LRd5,LRf5]} Nxd4 {aiming for ...Ne2+.} 38. Nxd5+ $1 Kg7 39. Nxb4 {Threatens to win with Bd1.} Rb8 {[#]} (39... Ne2+ $1 $14 40. Kf2 Nxf4) 40. Nc6 $1 $18 Nxc6 41. Rxc6 Rb7 $2 (41... Rxb2 42. Bxf5 (42. Rxe6 Rxc2 43. Re7+ Kf6 $14) 42... Bxf5) 42. b3 $2 (42. Rxe6 $18 Rxb2 43. Ba4) 42... Rxb3 $2 {[%mdl 8192]} 43. Bxf5 $2 Rb2 $2 {Weighted Error Value: White=0.69/Black=0.46} (43... Bxf5 44. gxf5 gxf5 45. Rc7+ (45. Rxc4 Rb1 $18) 45... Kf6 46. Rxc4 Rb1) 1-0

[Event "VIII Iberoamericano Mexico 2022"]
[Site "Mexico City"]
[Date "2022.02.13"]
[Round "2.9"]
[White "Zacarias, M Ruben D"]
[Black "Vazquez, Guillermo"]
[Result "0-1"]
[WhiteElo "2174"]
[BlackElo "2545"]
[Annotator "TA"]
[PlyCount "70"]
[EventDate "2022.02.12"]
[EventType "swiss"]
[EventCountry "MEX"]
[SourceTitle "playchess.com"]
[Source "ChessBase"]
[SourceQuality "1"]

{[%evp 24,70,0,0,0,5,10,-21,-8,-47,-30,-44,-50,-36,-47,-65,-9,-90,-79,-79,-84,-78,-102,-89,-28,-15,0,-43,0,-94,-93,-98,-100,-151,-112,-180,-160,-151,-124,-125,-94,-249,-250,-235,-238,-737,-723,-1481,-1293]} 1. e4 {Meyer,CD} c6 2. d4 d5 3. Nd2 dxe4 4. Nxe4 Bf5 5. Ng3 Bg6 6. h4 h6 7. Nf3 Nd7 8. h5 Bh7 9. Bd3 Bxd3 10. Qxd3 e6 11. Bd2 Ngf6 12. O-O-O Be7 13. Kb1 Qb6 {B19: Classical Caro-Kann: 4...Bf5 main line.} 14. Ne4 Rd8 15. c4 O-O {The position is equal.} 16. Bc3 c5 $1 17. Nxf6+ Bxf6 18. Qe2 cxd4 19. Bxd4 Qc6 {[#]} (19... Bxd4 $15 20. Nxd4 Nf6) 20. Rd2 $146 ({Don't go for} 20. Bxa7 $2 b6 21. Nd4 Bxd4 22. Rxd4 Nc5 $19) (20. g4 $11) ({Predecessor:} 20. g4 Bxd4 21. Nxd4 Qc5 22. Nf3 Nf6 23. Ne5 Rd4 24. Rxd4 Qxd4 25. Rd1 Qf4 26. Re1 {½-½ (40) Hou,Y (2676)-So,W (2778) Dortmund 2015 CBM 167 [Meyer,CD]}) 20... Bxd4 $1 $17 21. Rxd4 {And now Rhd1 would win.} Nf6 22. Rhd1 Rxd4 23. Rxd4 Re8 ({Better is} 23... Nxh5 $17 24. Ne5 Qc5) 24. Qe5 $11 a6 {[%cal Ba7a6,Ba6b5][%mdl 32]} 25. Ne1 (25. a3 $11) 25... b5 (25... Rc8 $15 {was preferrable.}) 26. b3 (26. c5 $1 $11) 26... Rc8 $1 $17 27. f3 {[#]} Qb6 $1 {Threatens to win with ...bxc4.} 28. cxb5 ({White should play} 28. Qd6 Qa7 29. Nc2) 28... axb5 {aiming for ...Nd5.} 29. Qd6 (29. Nc2 $17) 29... Qa5 {White must now prevent ...Nd5.} 30. Qb4 Qc7 $40 {[%csl Gc8][%cal Rc7c1][%mdl 128] Black attacks with force.} 31. Qd2 {Prevents Qc1+.} Nd5 32. Nd3 $2 {[#] This costs White the game.} (32. Nc2 $17) 32... Nc3+ $1 $19 33. Kb2 e5 34. Rg4 (34. Nxe5 Qxe5 35. Rd8+ Kh7 36. Qd3+ Ne4+ 37. Qd4 Qxd4+ 38. Rxd4) 34... Qd6 35. a3 f5 {Weighted Error Value: White=0.65/Black=0.11 (very precise)} 0-1

[Event "VIII Iberoamericano Mexico 2022"]
[Site "Mexico City"]
[Date "2022.02.13"]
[Round "2.10"]
[White "Gonzalez Zamora, Juan Carlos"]
[Black "Avila Rodriguez, Joshua Ad"]
[Result "1-0"]
[WhiteElo "2544"]
[BlackElo "2182"]
[Annotator "TA"]
[PlyCount "133"]
[EventDate "2022.02.12"]
[EventType "swiss"]
[EventCountry "MEX"]
[SourceTitle "playchess.com"]
[Source "ChessBase"]
[SourceQuality "1"]

{[%evp 22,133,39,35,43,12,20,14,17,4,10,4,30,16,62,64,81,70,59,0,0,0,0,4,7,2,6,6,53,0,0,0,0,0,0,0,0,0,8,-65,-75,-69,-69,-69,-48,-46,-35,-42,-8,-31,-8,-7,0,-16,0,0,0,-34,-33,-37,-31,-37,0,0,29,17,106,109,237,226,291,261,564,234,486,471,1072,1112,855,810,764,752,1088,1043,1210,1166,29980,29981,29981,29982,29982,29983,29983,29983,29984,29985,29985,29985,29983,29983,29983,29976,29992,29993,29993,29990,29990,29991,29992,29991,29993,29994,29994,29995]} 1. c4 c5 2. Nc3 Nc6 3. Nf3 g6 4. e3 Nf6 {[%cal Bg8f6,Bf6d5,Bd5c3][%mdl 32]} 5. d4 cxd4 6. exd4 d5 7. cxd5 Nxd5 8. Qb3 Nxc3 9. Bc4 Nd5 10. Bxd5 e6 11. Bxc6+ bxc6 12. O-O Qd5 {A35: Symmetrical English: 2 Nc3 Nc6 3 Nf3.} 13. Bf4 f6 14. Rfc1 g5 {The position is equal.} 15. Be3 Be7 {[#]} 16. Nd2 $146 ({Predecessor:} 16. Ne1 Ba6 17. Qc3 Bb7 18. f3 Kf7 19. Nd3 Rhd8 20. Nc5 Bxc5 21. Qxc5 Qxc5 22. Rxc5 {½-½ (40) Lyell,M (2228)-Levin,F (2489) Gallipoli 2014}) 16... Bd7 17. Qc2 c5 (17... O-O $11) 18. dxc5 $14 {[#] Strongly threatening c6.} Bc6 {[%csl Gc6][%cal Rd5g2]} 19. f3 g4 20. Qe4 ({White should play} 20. Rd1 $14) 20... gxf3 $11 21. Qxd5 Bxd5 {A strong pair of Bishops.} 22. Nxf3 Rg8 23. Kf2 Rb8 24. b3 Bc6 (24... Kf7 $11 {was preferrable.}) 25. Rg1 (25. g3 $14) 25... e5 26. Rac1 Kf7 27. g3 a5 {[%cal Ba7a5,Ba5a4,Ba4a3][%mdl 32]} 28. Rc4 a4 29. b4 Bd5 30. Rgc1 (30. Rh4 $11) 30... Bxc4 $15 31. Rxc4 a3 32. Ne1 $1 f5 33. Nc2 Ke6 34. Rc3 Kd5 35. Bd2 f4 36. gxf4 Bh4+ 37. Kf1 exf4 38. Rd3+ Ke5 {[#] aiming for ...Rbd8.} 39. Nxa3 Ke4 40. Rh3 Rg4 {[%mdl 1024] Black has compensation.} 41. Nc4 $1 Rbg8 {( -> ...Rg1+)} (41... f3 $5 {[%cal Rf3f2]} 42. Nd6+ Kd3 $17) 42. Nd6+ Ke5 (42... Kd5 $5 {[%cal Rg4g2]}) 43. Ke2 {Threatening Kf3.} Rg2+ (43... Ra8 $11) 44. Kd3 $16 R8g4 {This costs Black the game.} (44... Bg5 $16 {was called for.}) 45. Nc4+ $18 Ke6 46. c6 Bf6 $2 (46... h5 47. c7 Kd7 48. Ne5+ Kxc7 49. Nxg4 Rxg4) 47. Rf3 (47. c7 $142 Rg8 48. Nb6) 47... Rxh2 $2 (47... Rg5 {keeps fighting.}) 48. Bxf4 ({But not} 48. c7 Rxd2+ 49. Kxd2 Kd7 $18) 48... Rxf4 (48... Rxa2 $142 49. c7 Ra8) 49. Rxf4 {[%mdl 4096] Endgame KRB-KRN} Rh3+ 50. Ke2 {[%cal Of4f6]} Rh2+ 51. Kd1 Bd8 52. Rd4 Bc7 53. b5 {Threatens to win with b6.} Rxa2 54. b6 {White mates.} Bxb6 55. Nxb6 {KRN-KR} Ra7 56. Rd7 Ra1+ 57. Ke2 Ra2+ 58. Kd3 Ra3+ 59. Kc4 Ra1 60. Rxh7 Kd6 61. Rh6+ Kc7 62. Nd5+ Kb8 63. Kc5 Rc1+ 64. Kd6 Rd1 65. Rh8+ Ka7 66. c7 Rc1 67. c8=R {Weighted Error Value: White=0.16 (very precise) /Black=0.46} 1-0

[Event "VIII Iberoamericano Mexico 2022"]
[Site "Mexico City"]
[Date "2022.02.13"]
[Round "2.11"]
[White "Corrales Jimenez, Zenia"]
[Black "Obregon Rivero, Juan Carlos"]
[Result "0-1"]
[WhiteElo "2151"]
[BlackElo "2536"]
[Annotator "TA"]
[PlyCount "90"]
[EventDate "2022.02.12"]
[EventType "swiss"]
[EventCountry "MEX"]
[SourceTitle "playchess.com"]
[Source "ChessBase"]
[SourceQuality "1"]

{[%evp 22,90,-23,-28,-25,-21,-26,-18,-12,-15,-40,-43,-18,-37,-13,-72,-80,-95,-70,-67,-72,-97,-59,-63,-62,-62,-83,-76,-53,-63,0,-44,-26,-155,-160,-159,-147,-290,-290,-292,-274,-272,-278,-274,-254,-265,-254,-365,-350,-464,-476,-435,-412,-512,-521,-705,-459,-400,-325,-925,-919,-1622,-1706,-1841,-1097,-5293,-5181,-2539,-2441,-1850,-1123]} 1. e4 c5 2. Nf3 d6 3. d4 Nf6 4. Nc3 cxd4 5. Qxd4 Nc6 6. Bb5 Bd7 7. Bxc6 Bxc6 8. Bg5 e6 9. O-O-O Be7 10. Rhe1 O-O 11. Kb1 h6 12. Bh4 b5 $1 {[%mdl 4] now scores much better than the old 12...Re8. B53: Sicilian: 2...d6: Lines with Qxd4.} 13. Bxf6 Bxf6 14. Qxd6 Qb6 {White should prevent ...b4. The position is equal.} 15. Ne5 $1 Bxe5 16. Qxe5 {[#]} Qxf2 $146 (16... b4 $5 {[%cal Rb4c3]} 17. Ne2 Qxf2 $11) ({Predecessor:} 16... b4 17. Ne2 Qxf2 18. Nf4 Kh7 19. Nh5 Rg8 20. Rf1 Qe2 21. Rde1 Qd2 22. Rd1 Qg5 23. Qxg5 hxg5 24. Rxf7 {0-1 (46) Zhigalko,S (2572)-Preotu,R (2473) Chess.com INT 2021}) 17. Rf1 Qh4 (17... Qxg2 $2 18. Rg1 Qxg1 19. Rxg1 $18) 18. g4 (18. Nxb5 $11 Qxe4 19. Qxe4 Bxe4 20. Rd2) 18... b4 (18... Qxg4 $2 19. Rg1 f6 20. Qc5 $18 (20. Rxg4 fxe5 21. Rg6 Kf7 $17)) 19. Ne2 Qg5 (19... Qxg4 $2 {[#]} 20. Rg1 $1 f6 21. Qc7 $18) 20. Qxg5 hxg5 21. Ng3 g6 22. Rd4 Rab8 23. Rfd1 Kg7 24. Rc4 Rfc8 25. b3 Kf6 (25... a5 $15) 26. Kb2 (26. Rc5 $1 $11 {is more appropriate.}) 26... Be8 27. c3 {Black continues to play with concentration.} (27. e5+ $1 $11 {keeps the balance.} Kxe5 28. Re1+ Kf6 29. Ne4+ Ke7 30. Nxg5) 27... bxc3+ $17 28. Kxc3 Ke5 29. h3 (29. Rd2 $17) 29... Bb5 $19 30. Rxc8 Rxc8+ {[%mdl 4096] Endgame KRB-KRN} 31. Kb4 Rb8 32. Kc5 Kf4 33. Nf1 Kxe4 34. Nd2+ (34. Re1+ $142 Kf3 35. Nd2+ Kg2 36. Ne4) 34... Ke3 35. Nc4+ Bxc4 36. bxc4 {KR-KR} Rc8+ 37. Kb4 f5 {[%cal Bf7f5,Bf5f4,Bf4f3,Bf3f2][%mdl 32]} 38. Re1+ Kd4 {[#] Threatens to win with ...f4.} 39. Rd1+ Ke5 {Hoping for ...f4.} 40. c5 $2 (40. Kc3) 40... f4 {Black is clearly winning.} 41. Kb5 f3 42. c6 Kf4 43. Rd7 f2 44. Rf7+ Kg3 {aiming for ...e5.} 45. Kc5 e5 {Weighted Error Value: White=0.80/Black=0.14 (very precise)} 0-1